000 00646nam a2200217 a 4500
005 20240228064059.0
008 121022s2008 cl r 000 0 spa d
020 _a9789589827321
035 _aUPN01000187845
049 _aI
050 4 _aPZ71
_bB8.4
100 1 _aBuitrago, Jairo,
_d1970-
_932782
245 1 0 _aEmiliano /
_cJairo Buitrago ; il. Rafael Yockteng.
260 _aBogotá :
_bBabel,
_cc2008.
300 _a[30] p. :
_bprincipalmente il. col.
650 4 _aLibros y lectura para niños
_92290
650 7 _aLibros ilustrados para niños
_2
_921365
700 1 _aYocteng, Rafael,
_eil.
905 _aInfantil
999 _c159948
_d159948